Normal view
MARC view
- Cavani Liliana
Entry Personal Name
001 - CONTROL NUMBER
- control field: 45040
003 - CONTROL NUMBER IDENTIFIER
- control field: IT-RoPau
005 - DATE AND TIME OF LATEST TRANSACTION
- control field: 20151129162253.0
008 - FIXED-LENGTH DATA ELEMENTS
- fixed length control field: 151129|| aca||aabn | a|a d
040 ## - CATALOGING SOURCE
- Original cataloging agency: IT-RoPau
- Transcribing agency: IT-RoPau
100 ## - HEADING--PERSONAL NAME
- Personal name: Cavani Liliana
- Miscellaneous information: Codice regista SPICS: 8251
670 ## - SOURCE DATA FOUND
- Source citation: Work cat.: (IT-RoPau)106087: Cavani Liliana Codice regista SPICS: 8251, CANNIBALI (I) CANNIBALI (I) (Rif. Codice opera principale : 21490)